Making of the modern Philippines (The) (Record no. 368053)
[ view plain ]
| 000 -LEADER | |
|---|---|
| fixed length control field | 00477nam a22001577a 4500 |
| 003 - CONTROL NUMBER IDENTIFIER | |
| control field | a |
| 005 - DATE AND TIME OF LATEST TRANSACTION | |
| control field | 20260204145017.0 |
| 008 - FIXED-LENGTH DATA ELEMENTS--GENERAL INFORMATION | |
| fixed length control field | 250919b xxu||||| |||| 00| 0 eng d |
| 020 ## - INTERNATIONAL STANDARD BOOK NUMBER | |
| International Standard Book Number | 978-1-350-42788-4 |
| 100 ## - MAIN ENTRY--PERSONAL NAME | |
| Personal name | Bowling, Philip. |
| 245 ## - TITLE STATEMENT | |
| Title | Making of the modern Philippines (The) |
| Remainder of title | pieces of a jigsaw state/ |
| Statement of responsibility, etc | Philip Bowring |
| 260 ## - PUBLICATION, DISTRIBUTION, ETC. (IMPRINT) | |
| Place of publication, distribution, etc | New York: |
| Name of publisher, distributor, etc | Bloomsbury Academic |
| Date of publication, distribution, etc | c2016 |
| 300 ## - PHYSICAL DESCRIPTION | |
| Extent | 258 pp. |
| Dimensions | 224 cm. |
| 600 ## - SUBJECT ADDED ENTRY--PERSONAL NAME | |
| Source of heading or term | Philippine-History-1898-1946 |
| 9 (RLIN) | 1 |
| 942 ## - ADDED ENTRY ELEMENTS (KOHA) | |
| Source of classification or shelving scheme | Dewey Decimal Classification |
| Koha item type | Books |
| Withdrawn status | Lost status | Source of classification or shelving scheme | Damaged status | Home library | Current library | Shelving location | Date acquired | Source of acquisition | Sub Shelving location | Total Checkouts | Full call number | Barcode | Date last seen | Price effective from | Koha item type |
|---|---|---|---|---|---|---|---|---|---|---|---|---|---|---|---|
| Dewey Decimal Classification | Munich Library | Munich Library | Main Section | 09/19/2025 | Library Fund | M520 M37 2016 | M9210 | 09/19/2025 | 09/19/2025 | Books | |||||
| Dewey Decimal Classification | Munich Library | Munich Library | Filipiniana Section | 09/19/2025 | Library Fund | Fil 959.8 C67 2024 | M9209 | 09/19/2025 | 09/19/2025 | Books |